| 000 | 00436nam a2200181Ia 4500 | ||
|---|---|---|---|
| 008 | 230524s9999 xx 000 0 und d | ||
| 020 | _a9788120330863 | ||
| 082 |
_a657.8342 _bSCH |
||
| 100 | _aLeon G.Schiffman | ||
| 245 | 0 | _aConsumer Behaviour | |
| 250 | _a9TH | ||
| 260 |
_aNEW DELHI _bPHI _c2008 |
||
| 300 | _aXIV;559 | ||
| 500 | _aQuantity Number: 20 | ||
| 650 | _aManagement | ||
| 700 | _aLeslie Lazar Kanuk | ||
| 942 | _cBK | ||
| 999 |
_c37912 _d37912 |
||